Smashing Pumpkins - Mellon Collie and the Infinite Sadness Songs - Statistics

General Stats
  • This quiz has been taken 15 times
  • The average score is 18 of 28
Answer Stats
Length Song % Correct
4:18 Bullet with Butterfly Wings
92%
4:14 Tonight, Tonight
92%
2:40 Zero
92%
4:26 1979
83%
3:01 Jellybelly
83%
2:52 Mellon Collie and the Infinite Sadness
83%
3:31 Lily (My One and Only)
75%
4:10 Thirty-Three
75%
4:22 Farewell and Goodnight
67%
4:22 Love
67%
3:44 Muzzle
67%
9:21 Porcelina of the Vast Oceans
67%
4:17 To Forgive
67%
4:22 Where Boys Fear to Tread
67%
4:12 Bodies
58%
2:50 Cupid de Locke
58%
4:46 Galapagos
58%
3:45 Here Is No Why
58%
4:12 In the Arms of Sleep
58%
2:52 Take Me Down
58%
7:38 Thru the Eyes of Ruby
58%
4:05 We Only Come Out at Night
58%
7:07 X.Y.U.
58%
4:51 An Ode to No One
50%
4:18 Beautiful
50%
3:45 Tales of a Scorched Earth
50%
2:54 Stumbleine
33%
4:48 By Starlight
25%
No matching quizzes found
Score Distribution
Percent of People with Each Score
Percentile by Number Answered
Your Score History
You have not taken this quiz